000 00725nam a2200205Ia 4500
005 20260121110247.0
008 008 260114s9999 xx 000 0 hin d
020 _a9788132302414
037 _aEBOOK
040 _aCRL
_bhin
_cCRL
041 _ahin
_2hin
084 _qCRL
100 _aभूपेश सिंह / Bhoopesh Singh
_9944000
245 0 _aमहात्मा ज्योतिबा फूले: दलित संघर्ष गाथा / Mahatma Jyotiba Phule: Dalit Sangharsh Gatha
260 _bभाषा प्रकाशन / Bhasha Prakashan
_c2020
856 _uhttps://bhashaprakashan.com/product-details/377925
942 _cEBOOK
999 _c1535664
_d1535664